| 000 | 00521nam a2200169Ia 4500 | ||
|---|---|---|---|
| 999 |
_c19996 _d19996 |
||
| 003 | OSt | ||
| 005 | 20200515090729.0 | ||
| 008 | 190216s9999||||xx |||||||||||||| ||und|| | ||
| 040 | _coclc | ||
| 082 |
_a297 _bSAR/O |
||
| 100 |
_aSarwar, Hafiz Ghulam _92135 |
||
| 245 | 0 |
_aOrganic And Development Of Islam / _cHafiz Ghulam Sarwar |
|
| 260 |
_bDeep&Deep Pub, _c1988. _aNewdelhi: |
||
| 300 | _a540p | ||
| 650 | 0 |
_aHistory & geography _vIslamic History _92271 |
|
| 942 |
_cBK _2ddc _h297 _iSAR/O _k297 _mSAR/O |
||